| 000 | 00847nam a2200253Ia 4500 | ||
|---|---|---|---|
| 003 | OSt | ||
| 005 | 20220916110922.0 | ||
| 006 | a|||||r|||| 00| 0 | ||
| 007 | ta | ||
| 008 | 220915b |||||||| |||| 00| 0 hin d | ||
| 024 | _a244208 | ||
| 037 | _cTextbook | ||
| 040 |
_bhin _aARTS _cARTS |
||
| 041 | _ahin | ||
| 082 | _aO152,1v, J1 | ||
| 100 | _aभटनागर, रामरतन | ||
| 245 | 0 | _aहिन्दी कविता की पृष्ठभूमि | |
| 246 | _aSantakavi dariyā: ek anushīlana | ||
| 260 |
_aप्रयाग _bइंडियन प्रेस लिमिटेड भारत _c1951 |
||
| 300 |
_a451पृ0 _ccm. |
||
| 650 | _aहिन्दी साहित्य | ||
| 942 |
_hO152,1v, J1 _cTB _2CC |
||
| 999 |
_c101365 _d101365 |
||